000
00255nam a2200109Ia 4500
008
230312s9999||||xx |||||||||||||| ||und||
082
_a
658.054
_b
SCH-E
100
_a
Schneider .p Gray
245
0
_a
Electronic commerce
650
_a
Management
942
_c
BK
999
_c
14627
_d
14627